Normal view
MARC view
Entry Personal Name
001 - CONTROL NUMBER
- control field: 700331
003 - CONTROL NUMBER IDENTIFIER
- control field: OSt
005 - DATE AND TIME OF LATEST TRANSACTION
- control field: 20221007083136.0
008 - FIXED-LENGTH DATA ELEMENTS
- fixed length control field: 221007|| aca||aabn | a|a d
040 ## - CATALOGING SOURCE
- Original cataloging agency: OSt
- Transcribing agency: OSt
100 ## - HEADING--PERSONAL NAME
- Personal name: Kapur Sudha
670 ## - SOURCE DATA FOUND
- Source citation: Work cat.: (OSt)1168957: Kapur Sudha, Devolution of the interest of the intestate in the Mitakshara coparcenary property under section 6 of the hindu seccession act, 1956
